Normal view
MARC view
Entry Personal Name
001 - CONTROL NUMBER
- control field: 18231
003 - CONTROL NUMBER IDENTIFIER
- control field: ARRUPE
005 - DATE AND TIME OF LATEST TRANSACTION
- control field: 20150716143046.0
008 - FIXED-LENGTH DATA ELEMENTS
- fixed length control field: 150716|| aca||aabn | a|a d
040 ## - CATALOGING SOURCE
- Original cataloging agency: ARRUPE
- Transcribing agency: ARRUPE
100 ## - HEADING--PERSONAL NAME
- Personal name: Kant, Immanuel,
- Dates associated with a name: 1724-1804.
670 ## - SOURCE DATA FOUND
- Source citation: Work cat.: (ARRUPE)0: Carr, David, 1940- 17965, The paradox of subjectivity :, 1999.